000 00608nam a2200181 i 4500
001 148104
003 ES-MaACL
005 20230906202431.0
007 t|
008 070214s1934 fr r ||||1| fre d
100 1 _aTaylor, George Robert Stirling.
_9109446
245 1 0 _aOliver Cromwell
_b: 1599-1658 /
_cGeorge Robert Stirling Taylor ; traduit de l'anglais par G. M. Drucker.
260 _aParis :
_bPayot,
_c1934 (
_eBesançon :
_fImp. Jacques et Demontrond)
300 _a302 p. ;
_c23 x 14 cm.
600 1 4 _aCromwell, Oliver.
_941689
700 1 _aDrucker, G. M.
_945676
852 _aES-MaACL
_jA-2643
999 _c148104
_d148104